| 000 | 00956nam a2200253 i 4500 | ||
|---|---|---|---|
| 001 | bg | ||
| 100 | 1 | _aŚwirski, Konrad. | |
| 245 | 1 | 0 |
_aBiologicznie inspirowane modele empiryczne w eksploatacji instalacji energetycznych / _cKonrad Świrski. |
| 260 |
_aWarszawa : _bOficyna Wydawnicza Politechniki Warszawskiej, _c2008. |
||
| 300 |
_a141, [1] s. : _bil. (w tym kolor.) ; _c24 cm. |
||
| 490 | 1 |
_aPrace Naukowe / Politechnika Warszawska. Mechanika, _x0137-2335 ; _vz. 221 |
|
| 500 | _aOpis wg okł. Tyt. nagł. serii : Prace Naukowe Politechniki Warszawskiej. | ||
| 546 | _aStreszcz. ang. | ||
| 650 | 9 |
_aEnergetyka _xmodele matematyczne |
|
| 650 | 9 |
_aSieci neuronowe _xstosowanie |
|
| 830 | 0 |
_aPrace Naukowe - Politechnika Warszawska. _pMechanika, _x0137-2335 ; _vz. 221 |
|
| 022 | _a01372335 | ||
| 040 | _cBPK | ||
| 041 | 0 |
_apol _beng |
|
| 044 | _aPOL | ||
| 080 | _a620.92:621.31:519.8 | ||
| 942 | _cKS | ||
| 008 | s pl f |000 0 pol | ||
| 999 |
_c56159 _d56159 |
||
| 856 |
_uhttp://koha.tu.koszalin.pl/cgi-bin/koha/opac-detail.pl?biblionumber=56159 _yKatalog online BPK |
||